000 00493nam a2200181 i 4500
001 16173
003 ES-MaACL
005 20230906151246.0
007 t|
008 000706s1999 sp ||||1| spa d
020 _a84-204-8271-4
080 _a821.134.2(729.1)-4"19"
100 1 _aCabrera Infante, Guillermo.
_933315
245 1 0 _aMea Cuba /
_cGuillermo Cabrera Infante.
260 _aMadrid :
_bAlfaguara,
_c[1999]
300 _a488 p. ;
_c24 cm.
852 _aES-MaACL
_jL-23454
_bR.128429
999 _c16173
_d16173